Progress and Religion /

Enregistré dans:
Détails bibliographiques
Auteur principal: Dawson, Christopher (autor)
Format: Livre
Langue:anglais
Sujets:
Tags: Ajouter un tag
Pas de tags, Soyez le premier à ajouter un tag!

MARC

LEADER 00000nam^a2200000^a^4500
001 000182269
005 20250521000000.0
009 20260310102000.538
037 |a Acervo ITESO - Biblioteca 
041 |a ING 
082 |a 291. 1785  |b DAW 
100 |a Dawson, Christopher  |e (autor) 
240 1 1 |a [Progress and Religion] 
245 1 0 |a Progress and Religion /  |c C. Dawson. 
264 |a Nueva York, EUA :  |b Image Books,  |c 1960 
300 |a 200 p. 
336 |a texto  |b txt  |2 rdacontenido 
337 |a sin mediación  |b n  |2 rdamedio 
338 |a volumen  |b nc  |2 rdasoporte 
649 |a XX 
650 |a Desarrollo Económico-Social 
650 |a Desarrollo Económico-Social 
650 |a Cristianismo 
650 |a Religión Comparada 
650 |a Sociología de la Religión 
910 |a Fondo General 
920 |a Impresos - Libros 
930 |a Colección General 
905 |a 101 
901 |a 0500122193  |b IT1  |c ACC  |u 20250521 
902 |a https://opac.biblio.iteso.mx/vufind/Record/000182269